Capitals Of North America! - Statistics

General Stats
  • This quiz has been taken 24 times
  • The average score is 13 of 23
Answer Stats
Country Capital City % Correct
United States of America Washington D.C.
93%
Mexico Mexico City
86%
Canada Ottawa
79%
Panama Panama City
79%
Cuba Havana
71%
Haiti Port-au-Prince
71%
Guatemala Guatemala City
64%
Jamaica Kingston
64%
Saint Vincent and the Grenadines Kingstown
64%
Bahamas Nassau
64%
El Salvador San Salvador
64%
Costa Rica San Jose
57%
Dominican Republic Santo Domingo
57%
Nicaragua Managua
50%
Trinidad and Tobago Port of Spain
43%
Honduras Tegucigalpa
43%
Barbados Bridgetown
36%
Dominica Roseau
36%
Saint Kitts and Nevis Basseterre
29%
Belize Belmopan
29%
Saint Lucia Castries
29%
Grenada Saint George's
29%
Antigua and Barbuda Saint John's
29%
No matching quizzes found
Score Distribution
Percent of People with Each Score
Percentile by Number Answered
Your Score History
You have not taken this quiz